000 00999nam a2200265Ia 4500
003 OSt
005 20221005110449.0
006 a|||||r|||| 00| 0
007 ta
008 221004b |||||||| |||| 00| 0 san d
020 _a9789386955050 (hbk)
_cINR 995.00
024 _a66057
037 _b989/19, 19/12/2019, Literacy House
_cTextual
040 _aCRL
_cCRL
_bsan
041 _2san
_asan
082 _aQ22:226, 152Q8
100 _aराय, गौरीनाथ, ले.
245 0 _aवराहपुराण में वर्णित भारतीय संस्कृति
246 _aVarāhapurāṇ mean varṇit bhāratīya sanskṛuti
260 _aनई दिल्ली
_bजानकी प्रकाशन भारत
_c2018
300 _a280पृ0
_ccm.
650 _aधर्म
942 _hQ22:226, 152Q8
_cTEXL
_2cc
999 _c1018900
_d1018900